Sun or Son? Quiz Stats

 Plays Quiz Updated Jan 5, 2017

Support Sporcle.
Go Orange.
Score 0/20 Timer 02:00
0 Plays Today
Ending Sun or Son? % Correct
????
98.6%
????
98.1%
????
96.7%
????
96.6%
????
96.6%
????
96.2%
????
94.9%
????
94.8%
????
94.5%
????
94.2%
Ending Sun or Son? % Correct
????
93.9%
????
90.4%
????
89.8%
????
88.6%
????
88.2%
????
88.2%
????
87.9%
????
86.3%
????
77.9%
????
70.4%

You're not logged in!

Compare scores with friends on all Sporcle quizzes.
OR
Log In
Forgot?

From the Vault

Technically Correct TV Show Titles

by Bolafssonify

You may have some technical difficulties with this quiz.
Remove Ads.
Support Sporcle.
Get the best of Sporcle when you Go Orange. This ad-free experience offers more features, more stats, and more fun while also helping to support Sporcle. Thank you for becoming a member.

Show Comments

Extras

Top Quizzes Today


Score Distribution

Your Account Isn't Verified!

In order to create a playlist on Sporcle, you need to verify the email address you used during registration. Go to your Sporcle Settings to finish the process.

Report this User

Report this user for behavior that violates our Community Guidelines.

Details: